MARC details
| 000 -LEADER |
| campo de control de longitud fija |
02690nam a2200445 i 4500 |
| 001 - NÚMERO DE CONTROL |
| campo de control |
193303 |
| 003 - IDENTIFICADOR DE NÚMERO DE CONTROL |
| campo de control |
SpMaBN |
| 005 - FECHA Y HORA DE LA ÚLTIMA TRANSACCIÓN |
| campo de control |
20250712063137.0 |
| 007 - CAMPO FIJO DE DESCRIPCIÓN FÍSICA--INFORMACIÓN GENERAL |
| campo de control de longitud fija |
ta |
| 008 - DATOS DE LONGITUD FIJA--INFORMACIÓN GENERAL |
| campo de control de longitud fija |
231031s2008 sp | |||| 000 f spa |
| 017 ## - NÚMERO DE COPYRIGHT O DE DEPÓSITO LEGAL |
| Número de copyright o de depósito legal |
B 5944-2008 |
| Agencia que asigna |
Oficina Depósito Legal Barcelona |
| 020 ## - NÚMERO INTERNACIONAL ESTÁNDAR DEL LIBRO |
| Número Internacional Estándar del Libro |
9788483466025 |
| 035 ## - NÚMERO DE CONTROL DEL SISTEMA |
| Número de control de sistema |
(OCoLC)434432048 |
| 035 ## - NÚMERO DE CONTROL DEL SISTEMA |
| Número de control de sistema |
FF3361461 |
| 040 ## - FUENTE DE CATALOGACIÓN |
| Centro catalogador/agencia de origen |
SpMaBN |
| Lengua de catalogación |
spa |
| Centro/agencia transcriptor |
SpMaBN |
| Normas de descripción |
rdc |
| Centro/agencia modificador |
ES-MaACL |
| 080 ## - NÚMERO DE LA CLASIFICACIÓN DECIMAL UNIVERSAL |
| Número de la Clasificación Decimal Universal |
821.112.2-31"16" |
| 100 1# - ENTRADA PRINCIPAL--NOMBRE DE PERSONA |
| Nombre de persona |
Grimmelshausen, Hans Jakob Christoph von |
| Número de control del registro de autoridad o número normalizado |
XX1165000 |
| 9 (RLIN) |
234435 |
| Término indicativo de función/relación |
Autor |
| 245 13 - MENCIÓN DEL TÍTULO |
| Título |
El aventurero Simplicissimus / |
| Mención de responsabilidad, etc. |
Hans Jakob Christoffel von Grimmelshausen ; traducción de Jorge Miracle, Carlos Fortea ; revisada por Jaume Bonfill. |
| 250 ## - MENCION DE EDICION |
| Mención de edición |
Primera edición: marzo, 2008 |
| 260 ## - PUBLICACIÓN, DISTRIBUCIÓN, ETC. |
| Lugar de publicación, distribución, etc. |
[Barcelona] : |
| Nombre del editor, distribuidor, etc. |
Debolsillo, |
| Fecha de publicación, distribución, etc. |
2008. |
| 300 ## - DESCRIPCIÓN FÍSICA |
| Extensión |
541 páginas ; |
| Dimensiones |
18 cm |
| 336 ## - TIPO DE CONTENIDO |
| Fuente |
rdacontent |
| Término de tipo de contenido |
Texto |
| 337 ## - TIPO DE MEDIO |
| Fuente |
rdamedia |
| Nombre/término del tipo de medio |
sin mediación |
| 338 ## - TIPO DE SOPORTE |
| Fuente |
rdacarrier |
| Nombre/término del tipo de soporte |
volumen |
| 490 1# - MENCIÓN DE SERIE |
| Mención de serie |
Clásicos ; |
| Designación de volumen o secuencia |
113 |
| 520 ## - RESUMEN, ETC. |
| Sumario, etc. |
<br/>He aquí la vida de un muchacho, Simplicius Simplicissimus, que fue criado como un animal, creció mientras lo tomaban por loco, resultó ser un excelente soldado y mejor ladrón, cosechó fortuna y amores, lo perdió todo... y lo hizo atravesando media Europa a pie, acaballo, en barco, o incluso de rodillas. Su ciclo vital es el compendio de las calamidades que la guerra de los Treinta Años propició en todo un continente: con sus ojos vemos cómo los soldados pueden cambiar de bando con la misma facilidad que las monedas de bolsillo, y cómo la fortuna sonríe y da la espalda con tanta ligereza como un pícaro medra en un país devastado por las guerras de religión. La novela más famosa de Grimmelshausen, El aventurero Simplicissimus, se publicó en 1668, y su secuela, la Continuatio, al año siguiente. Presentamos, por primera vez en lengua española, la edición completa de una obra única quizá la más grande entre el corpus literario del Barroco alemán. |
| 534 ## - NOTA SOBRE LA VERSIÓN ORIGINAL |
| Frase introductoria |
Traducción de: Simplicissimus |
| 655 #4 - TERMINO DE INDIZACIÓN--GENERO/FORMA |
| 9 (RLIN) |
226785 |
| Datos o término principal de género/forma |
Novelas picarescas |
| 700 1# - ENTRADA AGREGADA--NOMBRE PERSONAL |
| Nombre de persona |
Miracle, Jorge |
| 9 (RLIN) |
81469 |
| Término indicativo de función/relación |
Traductor |
| 700 1# - ENTRADA AGREGADA--NOMBRE PERSONAL |
| Nombre de persona |
Fortea, Carlos, |
| Fechas asociadas al nombre |
1963- |
| Término indicativo de función/relación |
Traductor |
| 9 (RLIN) |
51844 |
| 830 ## - PUNTO DE ACCESO ADICIONAL DE SERIE-TÍTULO UNIFORME |
| Título uniforme |
Clásicos (Nuevas Ediciones de Bolsillo) ; |
| Designación de volumen o secuencia |
113 |
| 9 (RLIN) |
234436 |
| 852 ## - LOCALIZACIÓN |
| Ubicación |
ES-MaACL |
| itemnumber |
200743 |
| Sublocalización o colección |
R.154725 |
| Número de control de estantería |
N-9499 |
| Ubicación en estantería |
Depósito J |
| Donativo/Legado |
Donación: Carlos Fortea |
| Encuadernación |
Encuadernación rústica |
| 903 ## - NOMBRE PERSONAL DE DONANTE |
| a |
Fortea, Carlos, |
| d |
1963- |
| e |
Donante |
| 9 |
51844 |
| 942 ## - ELEMENTOS DE ENTRADA SECUNDARIOS (KOHA) |
| Suprimir en OPAC |
No |
| Tipo de ítem Koha |
Libro impreso |